[Event "Saguenay"]
[Site "La Baie CAN"]
[Date "1989.08.20"]
[Round "5"]
[White "Audet, Jean-Marc"]
[Black "Tran, Luc"]
[Result "0-1"]
[WhiteElo "1612"]
[BlackElo "1647"]
[PlyCount "136"]
[GameId "2160767912502499"]
[EventDate "1989.08.18"]
[EventType "tourn"]
[EventRounds "5"]
[EventCountry "CAN"]
[SourceTitle "FQE 03"]

1. c4 Nf6 2. Nc3 g6 3. g3 Bg7 4. Bg2 O-O 5. d3 c6 6. Nf3 d5 7. cxd5 cxd5 8. O-O Nc6 9. Rb1 e5 10. Bg5 h6 11. Bd2 Be6 12. Qa4 Qd7 13. e3 e4 14. Ne1 exd3 15. Nf3 a6 16. a3 b5 17. Qd1 Ne4 18. Na2 d4 19. Nc1 Nxd2 20. Qxd2 dxe3 21. fxe3 Rad8 22. b4 h5 23. Nb3 Bxb3 24. Rxb3 Bh6 25. Rd1 Qe6 26. Rxd3 Rxd3 27. Qxd3 Rd8 28. Qc2 Qxe3+ 29. Kh1 Rxd1+ 30. Qxd1 Qc1 31. Qxc1 Bxc1 32. Ne1 Nd4 33. Bb7 Bxa3 34. Nd3 Nf5 35. Kg2 Nd6 36. Bxa6 f6 37. Nf4 Bxb4 38. Nd5 Ba5 39. Nxf6+ Kf7 40. Nd7 Ke7 41. Ne5 Kf6 42. Nc6 Bc3 43. Na7 b4 44. Bd3 b3 45. Nc6 b2 46. Kf3 Nc4 47. h4 Nd2+ 48. Kf4 b1=Q 49. Bxb1 Nxb1 50. g4 Nd2 51. gxh5 gxh5 52. Ke3 Nb3 53. Kf4 Nc5 54. Ke3 Be1 55. Nd4 Bxh4 56. Ne2 Ne6 57. Kf3 Kf5 58. Ng3+ Bxg3 59. Kxg3 Kg5 60. Kh3 h4 61. Kh2 Nf4 62. Kg1 Kg4 63. Kh2 Kf3 64. Kg1 Kg3 65. Kh1 h3 66. Kg1 Nd3 67. Kh1 Nf2+ 68. Kg1 h2+ 0-1

[Event "Saguenay"]
[Site "La Baie CAN"]
[Date "1989.08.20"]
[Round "5"]
[White "Gravel, Eric"]
[Black "Bond, Jocelyn"]
[Result "1-0"]
[WhiteElo "1695"]
[BlackElo "1729"]
[PlyCount "111"]
[GameId "2160767912502500"]
[EventDate "1989.08.18"]
[EventType "tourn"]
[EventRounds "5"]
[EventCountry "CAN"]
[SourceTitle "FQE 03"]

1. e4 e6 2. b3 d5 3. Bb2 c5 4. exd5 exd5 5. Nf3 Nf6 6. Bb5+ Bd7 7. Qe2+ Qe7 8. Bxf6 Qxe2+ 9. Bxe2 gxf6 10. Nc3 Be6 11. Nb5 Kd7 12. d4 a6 13. Nc3 Nc6 14. Na4 Re8 15. Nxc5+ Bxc5 16. dxc5 Nb4 17. Kd2 Rhg8 18. Rhg1 Bg4 19. c3 Nc6 20. h3 Bh5 21. Rae1 Bg6 22. Nd4 Nxd4 23. cxd4 Bf5 24. g4 Be6 25. Bd3 Rh8 26. f4 Kd8 27. f5 Bd7 28. Rxe8+ Bxe8 29. Be2 Bc6 30. Rg3 Kd7 31. Re3 a5 32. a3 Ra8 33. Ke1 Ra7 34. Kf2 Ra8 35. Kg3 Rg8 36. Kf4 Kd8 37. b4 axb4 38. axb4 Re8 39. Rxe8+ Kxe8 40. b5 Bd7 41. Bd3 h6 42. Kg3 Kf8 43. Kh4 Kg7 44. Kh5 Be8 45. Kh4 Bd7 46. Kg3 Kf8 47. Kf4 Ke7 48. h4 Be8 49. Ke3 Bd7 50. Kd2 Kd8 51. Kc3 Bc8 52. Kb4 Bd7 53. Ka5 Kc7 54. b6+ Kd8 55. Bb5 Bc8 56. c6 1-0

[Event "Saguenay"]
[Site "La Baie CAN"]
[Date "1989.08.20"]
[Round "5"]
[White "Pouliot, Louis"]
[Black "Couture, Alain"]
[Result "1/2-1/2"]
[WhiteElo "1923"]
[BlackElo "1678"]
[PlyCount "91"]
[GameId "2160767912502501"]
[EventDate "1989.08.18"]
[EventType "tourn"]
[EventRounds "5"]
[EventCountry "CAN"]
[SourceTitle "FQE 03"]

1. e4 c5 2. Nf3 a6 3. d4 cxd4 4. Nxd4 Nf6 5. Nc3 e5 6. Nf5 d5 7. Ng3 d4 8. Nb1 Be6 9. Nd2 Bb4 10. Be2 Nbd7 11. O-O Qc7 12. Nf3 Rc8 13. Bd3 Be7 14. Bd2 Nc5 15. Ng5 O-O 16. Nxe6 fxe6 17. f4 exf4 18. Bxf4 Bd6 19. Bxd6 Qxd6 20. Qe2 Nxd3 21. cxd3 Nd7 22. Nh5 Ne5 23. Nf4 Rf6 24. h3 Rf7 25. Qd2 Rcf8 26. Ne2 Qd7 27. Rad1 Nc6 28. Nc1 Qc7 29. Ne2 Qe5 30. Rxf7 Rxf7 31. Rf1 Rxf1+ 32. Kxf1 Qb5 33. Nc1 Qb4 34. Ke2 Qxd2+ 35. Kxd2 Kf7 36. Nb3 b6 37. a3 Kf6 38. Ke2 Kg5 39. g3 a5 40. Nd2 Ne5 41. Nf3+ Nxf3 42. Kxf3 e5 43. b3 h5 44. h4+ Kf6 45. g4 g6 46. g5+ 1/2-1/2

[Event "Scarborough CC Indian Summer"]
[Site "Scarborough CAN"]
[Date "1989.??.??"]
[Round "?"]
[White "Back, Jeff"]
[Black "Coakley, Jeff"]
[Result "0-1"]
[WhiteElo "1934"]
[BlackElo "2242"]
[PlyCount "30"]
[GameId "2160767912519973"]
[EventDate "1989.??.??"]
[EventType "swiss"]
[EventRounds "5"]
[EventCountry "CAN"]
[SourceTitle "CFC 1990.04"]

1. a3 e5 2. e4 Bc5 3. Nf3 d6 4. Bc4 Nc6 5. O-O f5 6. d4 Nxd4 7. Nxd4 Bxd4 8. Bxg8 Rxg8 9. Qh5+ g6 10. Qxh7 Be6 11. exf5 gxf5 12. Qh5+ Kd7 13. Qh7+ Kc6 14. Qh3 Bd5 15. g3 Qf6 0-1

[Event "Scarborough CC ch"]
[Site "Scarborough CAN"]
[Date "1989.??.??"]
[Round "?"]
[White "Klarner, William"]
[Black "Southam, David"]
[Result "1-0"]
[WhiteElo "2063"]
[BlackElo "2308"]
[PlyCount "79"]
[GameId "2160767912519974"]
[EventDate "1989.??.??"]
[EventType "tourn"]
[EventCountry "CAN"]
[SourceTitle "CFC 1989.12"]

1. e4 e6 2. d4 d5 3. e5 c5 4. c3 Nc6 5. Nf3 Bd7 6. Bd3 Rc8 7. dxc5 Bxc5 8. O-O f6 9. exf6 Nxf6 10. Bg5 e5 11. b4 Bd6 12. Re1 O-O 13. b5 e4 14. bxc6 Bxc6 15. Nd4 exd3 16. Ne6 Qb6 17. Nxf8 Rxf8 18. Nd2 Qxf2+ 19. Kxf2 Ng4+ 20. Kg1 Bc5+ 21. Be3 Nxe3 22. Rxe3 Bxe3+ 23. Kh1 Rf2 24. Nf1 d4 25. Nxe3 dxe3 26. Qxd3 e2 27. Qc4+ Kh8 28. Re1 h6 29. h3 a6 30. Rxe2 Rf1+ 31. Kh2 Bb5 32. Qc8+ Kh7 33. c4 Bc6 34. Qe6 Rf6 35. Qe5 Kh8 36. Rd2 Kh7 37. Qd4 Re6 38. Rf2 Kh8 39. Qd3 Re7 40. Rf8# 1-0

[Event "Scarborough CC ch"]
[Site "Scarborough CAN"]
[Date "1989.??.??"]
[Round "2"]
[White "Southam, David"]
[Black "Chen, Chin Hua"]
[Result "1-0"]
[WhiteElo "2308"]
[BlackElo "1948"]
[PlyCount "53"]
[GameId "2160767912519975"]
[EventDate "1989.??.??"]
[EventType "tourn"]
[EventCountry "CAN"]
[SourceTitle "CFC 1989.12"]

1. e4 e6 2. d4 d5 3. Nd2 Nf6 4. e5 Nfd7 5. c3 c5 6. Bd3 Nc6 7. Ne2 Qb6 8. Nf3 Be7 9. O-O cxd4 10. cxd4 O-O 11. Re1 f5 12. exf6 Bxf6 13. Nf4 Nxd4 14. Nxd4 Bxd4 15. Rxe6 Bxf2+ 16. Kh1 Qd4 17. Qh5 Nf6 18. Rxf6 Rxf6 19. Nxd5 Re6 20. Bxh7+ Kf8 21. Qf3+ Rf6 22. Nxf6 Qxf6 23. Bf4 Bc5 24. Rf1 Ke8 25. Qe4+ Qe6 26. Bg6+ Kd8 27. Rd1+ 1-0

[Event "Scarborough CC ch"]
[Site "Scarborough CAN"]
[Date "1989.??.??"]
[Round "6"]
[White "Southam, David"]
[Black "Husain, Imtiaz"]
[Result "1-0"]
[WhiteElo "2308"]
[BlackElo "2249"]
[PlyCount "69"]
[GameId "2160767912519976"]
[EventDate "1989.??.??"]
[EventType "tourn"]
[EventCountry "CAN"]
[SourceTitle "CFC 1989.12"]

1. e4 e6 2. d4 d5 3. Nd2 Nf6 4. e5 Nfd7 5. c3 b6 6. Bd3 c5 7. Ne2 Qc7 8. O-O Nc6 9. a3 a5 10. f4 Ne7 11. g4 f5 12. exf6 gxf6 13. Ng3 Bg7 14. Qe2 e5 15. fxe5 fxe5 16. Nh5 Bf8 17. Bb5 Kd8 18. Nf3 h6 19. dxe5 Rg8 20. h3 c4 21. Kh1 Ng6 22. e6 Nc5 23. Nd4 Bb7 24. Rf7 Be7 25. Bxh6 Ne4 26. Raf1 Rh8 27. Qe3 Qd6 28. Bd7 Qc5 29. Rg7 Ne5 30. Bb5 Rc8 31. Bf4 Nd3 32. Bh2 Nd6 33. Rxe7 Nxb5 34. Rd7+ Ke8 35. Ng7# 1-0

[Event "Scarborough Summer RR"]
[Site "Scarborough CAN"]
[Date "1989.??.??"]
[Round "?"]
[White "Mah, Stanley"]
[Black "Klarner, William"]
[Result "1-0"]
[WhiteElo "2177"]
[BlackElo "2144"]
[PlyCount "93"]
[GameId "2160767912519977"]
[EventDate "1989.??.??"]
[EventType "tourn"]
[EventRounds "5"]
[EventCountry "CAN"]
[SourceTitle "CFC 1989.10"]

1. e4 c5 2. Nf3 d6 3. d4 cxd4 4. Nxd4 Nf6 5. Nc3 e6 6. Be3 a6 7. Qd2 Bd7 8. f3 Nc6 9. O-O-O d5 10. exd5 exd5 11. Nb3 Be6 12. g4 h6 13. Nc5 Be7 14. h4 Ne5 15. Be2 Rc8 16. Nxe6 fxe6 17. g5 Nfd7 18. f4 Nc4 19. Bxc4 Rxc4 20. Bd4 O-O 21. gxh6 Bf6 22. Bxf6 Qxf6 23. Nxd5 exd5 24. Qxd5+ Qf7 25. Qxd7 Qxf4+ 26. Kb1 Rc7 27. Qd5+ Kh7 28. hxg7 Rxg7 29. Qd3+ Kh6 30. Rhf1 Qb8 31. Qe3+ Kh7 32. Qe4+ Kg8 33. Qd5+ Kh7 34. Qh5+ Kg8 35. Rg1 Rff7 36. Rxg7+ Rxg7 37. Re1 Rf7 38. Qg6+ Kf8 39. Qh6+ Rg7 40. Rg1 Qe5 41. Qxg7+ Qxg7 42. Rxg7 Kxg7 43. c4 Kh6 44. Kc2 Kh5 45. Kd3 Kxh4 46. Kd4 Kg4 47. Kc5 1-0

[Event "Scarborough op"]
[Site "Scarborough CAN"]
[Date "1989.??.??"]
[Round "?"]
[White "Jung, Hans"]
[Black "Findlay, Ian"]
[Result "1-0"]
[WhiteElo "1857"]
[BlackElo "2345"]
[PlyCount "61"]
[GameId "2160767912519978"]
[EventDate "1989.??.??"]
[EventType "swiss"]
[EventCountry "CAN"]

1. e4 c5 2. Nf3 g6 3. c3 d5 4. exd5 Qxd5 5. d4 Bg7 6. dxc5 Qxc5 7. Be3 Qa5 8. Na3 Bxc3+ 9. bxc3 Qxc3+ 10. Nd2 Qxa3 11. Bb5+ Bd7 12. Qe2 Nf6 13. Bh6 Qb2 14. Bxd7+ Nbxd7 15. O-O Qe5 16. Qc4 Nb6 17. Qb4 Rd8 18. Rfe1 Qd6 19. Qb5+ Rd7 20. Bg7 Ng4 21. Nf3 Rg8 22. Bd4 Qd5 23. Qb4 Qc4 24. Qa5 Rxd4 25. Qxa7 Rd6 26. Qxb7 e6 27. Qb8+ Rd8 28. Qxb6 Ke7 29. h3 Nf6 30. Ne5 Qd4 31. Nc6+ 1-0

[Event "Scarborough op"]
[Site "Scarborough CAN"]
[Date "1989.??.??"]
[Round "?"]
[White "Jung, Hans"]
[Black "Livshits, Ron"]
[Result "1-0"]
[WhiteElo "1857"]
[BlackElo "2390"]
[PlyCount "41"]
[GameId "2160767912519979"]
[EventDate "1989.??.??"]
[EventType "swiss"]
[EventCountry "CAN"]

1. e4 e5 2. Nf3 Nc6 3. Bb5 a6 4. Ba4 Nf6 5. Qe2 b5 6. Bb3 Bc5 7. a4 Bb7 8. axb5 axb5 9. Rxa8 Qxa8 10. Nc3 O-O 11. Nxb5 Nxe4 12. Nxc7 Bxf2+ 13. Kd1 Qa5 14. Qxe4 Qxc7 15. Ng5 g6 16. Nxf7 d5 17. Bxd5 Rxf7 18. Qc4 Bb6 19. Rf1 Nb8 20. Qxc7 Bxc7 21. Rxf7 1-0

[Event "Simcoe Day op"]
[Site "Scarborough CAN"]
[Date "1989.08.??"]
[Round "2"]
[White "Lamb, Bryan"]
[Black "Mah, Stanley"]
[Result "1/2-1/2"]
[WhiteElo "2006"]
[BlackElo "2177"]
[PlyCount "117"]
[GameId "2160767912502516"]
[EventDate "1989.08.??"]
[EventType "swiss"]
[EventRounds "6"]
[EventCountry "CAN"]
[SourceTitle "CFC 1989.10"]

1. e4 c5 2. Nf3 d6 3. d4 cxd4 4. Nxd4 Nf6 5. Nc3 a6 6. a4 e6 7. Be2 Be7 8. O-O O-O 9. Kh1 Qc7 10. f4 Bd7 11. Be3 Nc6 12. Qe1 Nxd4 13. Bxd4 Bc6 14. Qg3 g6 15. Bf3 Nd7 16. f5 e5 17. Be3 Nf6 18. Bh6 Rfc8 19. h4 Kh8 20. Bg4 Rg8 21. Qf3 Nxg4 22. Qxg4 Qd7 23. Bg5 f6 24. Be3 b5 25. axb5 axb5 26. Rxa8 Bxa8 27. Qe2 gxf5 28. Rxf5 b4 29. Rh5 Qg4 30. Qxg4 Rxg4 31. Nd5 Bxd5 32. exd5 Re4 33. Bd2 Rd4 34. Be3 Rxd5 35. Kg1 Rd1+ 36. Kf2 Rb1 37. b3 Rb2 38. Kf3 Rxc2 39. Ke4 Rxg2 40. Kd5 Rg3 41. Bh6 Kg8 42. Ke6 Bd8 43. Rf5 Rg6 44. Bd2 Rg7 45. Bxb4 Rb7 46. Bxd6 Rxb3 47. Rf2 Kg7 48. Rg2+ Kh6 49. Rg8 Ba5 50. Kxf6 e4 51. Bf4+ Kh5 52. Rg5+ Kxh4 53. Rxa5 Kg4 54. Bc7 e3 55. Ra4+ Kf3 56. Rf4+ Kg2 57. Re4 Kf1 58. Rf4+ Kg2 59. Re4 1/2-1/2

[Event "Specialiste Automne"]
[Site "Montreal CAN"]
[Date "1989.10.29"]
[Round "4"]
[White "Drolet, Stephane"]
[Black "Charest, Johanne"]
[Result "1-0"]
[WhiteElo "1915"]
[BlackElo "1560"]
[PlyCount "87"]
[GameId "2160767912494198"]
[EventDate "1989.10.28"]
[EventType "swiss"]
[EventRounds "4"]
[EventCountry "CAN"]

1. d4 d5 2. c4 c6 3. Nc3 Nf6 4. Nf3 e6 5. Bg5 Nbd7 6. cxd5 cxd5 7. e3 Bb4 8. Nd2 O-O 9. Bd3 Re8 10. Qc2 Bf8 11. Bxh7+ Kh8 12. Bd3 Qc7 13. Nf3 Be7 14. O-O a6 15. Bf4 Bd6 16. Bxd6 Qxd6 17. Ng5 Kg8 18. f4 Kf8 19. Rf3 Ke7 20. Rg3 Rg8 21. Rc1 Nf8 22. a4 Bd7 23. Qb3 Bc6 24. Rf1 N8d7 25. a5 Rh8 26. Nf3 Rag8 27. Ne5 Nh5 28. Rh3 Nhf6 29. Rff3 Ne4 30. Qc2 Ndf6 31. g4 g5 32. Rxh8 Rxh8 33. f5 exf5 34. Rxf5 Rh4 35. Nxe4 dxe4 36. Bc4 Be8 37. Rxg5 Rh7 38. Qf2 Nd7 39. Rf5 f6 40. Nxd7 Bxd7 41. Rf4 Qc6 42. b3 Rh8 43. Qg2 Kd8 44. Qxe4 1-0

[Event "Specialiste Estival"]
[Site "Montreal CAN"]
[Date "1989.06.17"]
[Round "1"]
[White "Charest, Johanne"]
[Black "Comtois, Jacques"]
[Result "0-1"]
[WhiteElo "1587"]
[BlackElo "1453"]
[PlyCount "50"]
[GameId "2160767912519137"]
[EventDate "1989.06.17"]
[EventType "swiss"]
[EventRounds "4"]
[EventCountry "CAN"]

1. d4 d5 2. Nc3 e6 3. e4 dxe4 4. f3 exf3 5. Nxf3 Bb4 6. Qd3 Bxc3+ 7. Qxc3 Nc6 8. d5 exd5 9. Qxg7 Qf6 10. Qg3 Qe7+ 11. Be2 h6 12. Bd2 Nf6 13. O-O-O Be6 14. Bc3 Ne4 15. Qg7 O-O-O 16. Nd4 Nxc3 17. bxc3 Rdg8 18. Nxc6 Qa3+ 19. Kb1 Rxg7 20. Nd4 Rxg2 21. Bd3 Qxc3 22. Nb3 d4 23. Be4 Bxb3 24. axb3 Re2 25. Bd3 Re5 0-1

[Event "Specialiste Estival"]
[Site "Montreal CAN"]
[Date "1989.06.17"]
[Round "2"]
[White "Arguin, Jean-Marc"]
[Black "Charest, Johanne"]
[Result "0-1"]
[WhiteElo "1475"]
[BlackElo "1587"]
[PlyCount "76"]
[GameId "2160767912519138"]
[EventDate "1989.06.17"]
[EventType "swiss"]
[EventRounds "4"]
[EventCountry "CAN"]

1. e4 e5 2. Nf3 Nc6 3. Bb5 a6 4. Bxc6 dxc6 5. O-O Bg4 6. h3 h5 7. d3 Bc5 8. Nbd2 Bb6 9. Re1 Qf6 10. Nc4 Ne7 11. Ncxe5 Ng6 12. Nxg4 hxg4 13. hxg4 Nh4 14. Be3 Ba5 15. c3 O-O-O 16. d4 c5 17. g5 Qg6 18. g3 Nxf3+ 19. Qxf3 cxd4 20. Bxd4 Kb8 21. Kg2 Qxg5 22. Qe3 Qg6 23. Rh1 Bb6 24. Bxb6 cxb6 25. Rxh8 Rxh8 26. Rh1 Re8 27. f3 Ka7 28. Qd4 Qg5 29. Rd1 Rh8 30. Qg1 Qb5 31. Qf2 Qh5 32. Kf1 Qb5+ 33. Kg2 f5 34. Rd5 Qa4 35. b3 Qa3 36. Rxf5 Qc1 37. g4 Qh1+ 38. Kg3 Qh4+ 0-1

[Event "Specialiste Estival"]
[Site "Montreal CAN"]
[Date "1989.06.18"]
[Round "3"]
[White "Charest, Johanne"]
[Black "Houde, Roger"]
[Result "0-1"]
[WhiteElo "1587"]
[BlackElo "1531"]
[PlyCount "92"]
[GameId "2160767912519139"]
[EventDate "1989.06.17"]
[EventType "swiss"]
[EventRounds "4"]
[EventCountry "CAN"]

1. e4 e5 2. Nf3 Nc6 3. Bc4 Bc5 4. c3 Nf6 5. d4 exd4 6. cxd4 Bb4+ 7. Bd2 Bxd2+ 8. Nbxd2 d5 9. exd5 Nxd5 10. O-O O-O 11. Re1 a6 12. h3 b5 13. Bb3 Bb7 14. Ne4 Na5 15. Bc2 Nb4 16. Bb1 Bd5 17. Nc3 Be6 18. a3 Nd5 19. Nxd5 Bxd5 20. Qd3 g6 21. Qd2 Nb3 22. Qf4 Bxf3 23. Qxf3 Nxa1 24. Be4 Nc2 25. Bxc2 Qxd4 26. Rb1 c5 27. g3 Ra7 28. h4 Re7 29. h5 Kg7 30. g4 f6 31. Kg2 Rfe8 32. hxg6 hxg6 33. Rh1 Rh8 34. Rxh8 Kxh8 35. Qh3+ Rh7 36. Qf3 Qe5 37. Kf1 Re7 38. Bxg6 Kg7 39. Bc2 Qxb2 40. Qf5 Qc1+ 41. Kg2 Qg5 42. Qh7+ Kf8 43. Qh8+ Kf7 44. Qh7+ Ke6 45. Qe4+ Kd6 46. Qf3 Qd5 0-1

[Event "Specialiste Printanier"]
[Site "Montreal CAN"]
[Date "1989.??.??"]
[Round "?"]
[White "Ross, Paul"]
[Black "Spraggett, Grant"]
[Result "1-0"]
[WhiteElo "2185"]
[BlackElo "2320"]
[PlyCount "75"]
[GameId "2160767912519543"]
[EventDate "1989.04.08"]
[EventType "swiss"]
[EventRounds "4"]
[EventCountry "CAN"]

1. d4 Nf6 2. c4 g6 3. Nc3 d5 4. Nf3 Bg7 5. Qb3 dxc4 6. Qxc4 O-O 7. e4 a6 8. e5 b5 9. Qb3 Nfd7 10. Be3 Nb6 11. Rd1 Nc6 12. Ng5 h6 13. Nge4 Na5 14. Qc2 f5 15. exf6 exf6 16. Nc5 f5 17. g3 b4 18. Ne2 Qd5 19. Rg1 Qxa2 20. Nf4 Kh7 21. g4 Qf7 22. Bg2 Rb8 23. d5 b3 24. Qe2 Nac4 25. Nce6 Bxe6 26. dxe6 Qe7 27. Nxg6 Kxg6 28. gxf5+ Kh7 29. Be4 Rf6 30. Bd4 Rbf8 31. Qg4 Nd6 32. Bxb6 Nxe4 33. Qxe4 Rd8 34. Rxd8 Qxd8 35. Bd4 Qe7 36. Qg4 Qb4+ 37. Kd1 Qf8 38. Qxg7+ 1-0

[Event "Specialiste Printanier"]
[Site "Montreal CAN"]
[Date "1989.04.08"]
[Round "1"]
[White "Manuri, Louise"]
[Black "Charest, Johanne"]
[Result "0-1"]
[WhiteElo "1329"]
[BlackElo "1524"]
[PlyCount "108"]
[GameId "2160767912519545"]
[EventDate "1989.04.08"]
[EventType "swiss"]
[EventRounds "4"]
[EventCountry "CAN"]

1. d4 d5 2. c4 c6 3. Nf3 Nf6 4. Nc3 Bf5 5. cxd5 cxd5 6. Qb3 b6 7. Bg5 e6 8. e3 Be7 9. Bb5+ Nfd7 10. Bxe7 Qxe7 11. Ne5 O-O 12. O-O Nxe5 13. dxe5 a6 14. Be2 Nd7 15. Rac1 b5 16. f4 Qc5 17. Ne4 Qb6 18. Nd6 Bg6 19. Kh1 f6 20. Bg4 f5 21. Bf3 Rab8 22. Rfe1 Bf7 23. Qc3 Rfd8 24. Qc7 h6 25. Qxb6 Nxb6 26. Rc7 Rd7 27. Rxd7 Nxd7 28. Rc1 Nb6 29. b3 Kf8 30. Rc7 Be8 31. Ra7 Nc8 32. Rxa6 Nxd6 33. Rxd6 Rc8 34. h3 Ke7 35. Kh2 Ra8 36. Rb6 Rxa2 37. Rb7+ Bd7 38. Kg3 Rb2 39. Bd1 Rd2 40. Bh5 Rd3 41. Kf3 Rxb3 42. Bf7 d4 43. Rxd7+ Kxd7 44. Ke2 dxe3 45. g3 Rc3 46. g4 fxg4 47. hxg4 b4 48. f5 exf5 49. e6+ Ke7 50. gxf5 b3 51. f6+ gxf6 52. Bg6 b2 53. Bb1 Kxe6 54. Bg6 f5 0-1

[Event "Specialiste Printanier"]
[Site "Montreal CAN"]
[Date "1989.04.08"]
[Round "2"]
[White "Morin, Louis"]
[Black "Ross, Paul"]
[Result "0-1"]
[WhiteElo "1980"]
[BlackElo "2360"]
[PlyCount "92"]
[GameId "2160767912519546"]
[EventDate "1989.04.08"]
[EventType "swiss"]
[EventRounds "4"]
[EventCountry "CAN"]
[SourceTitle "hb 2013"]

1. e4 e6 2. d4 d5 3. e5 c5 4. Qg4 Nc6 5. Nf3 cxd4 6. Bd3 Qc7 7. Bf4 Nge7 8. O-O Ng6 9. Re1 Nxf4 10. Qxf4 f6 11. Nbd2 fxe5 12. Nxe5 Nxe5 13. Qxe5 Qxe5 14. Rxe5 Bd6 15. Ree1 Bb4 16. Rad1 Ke7 17. a3 Bxd2 18. Rxd2 Kd6 19. f4 Bd7 20. Bf1 Rac8 21. g3 h6 22. Bd3 g5 23. fxg5 hxg5 24. Rde2 g4 25. Re5 Rcg8 26. Bf1 Rg7 27. R5e2 Rg5 28. Rd2 e5 29. Red1 Bc6 30. Bg2 Bb5 31. Bf1 Ba4 32. b3 Bc6 33. Bg2 Rgh5 34. Bh1 Rf8 35. a4 Rh7 36. Rd3 Be8 37. R3d2 Rc7 38. Rc1 Bg6 39. h3 gxh3 40. Kh2 Rfc8 41. Kxh3 Rxc2 42. Rdxc2 Rxc2 43. Rf1 Ke6 44. Bf3 Bf5+ 45. Bg4 Bxg4+ 46. Kxg4 e4 0-1

[Event "Specialiste Printanier"]
[Site "Montreal CAN"]
[Date "1989.04.09"]
[Round "3"]
[White "Charest, Johanne"]
[Black "Dire, Ralph"]
[Result "0-1"]
[WhiteElo "1524"]
[BlackElo "1766"]
[PlyCount "46"]
[GameId "2160767912519547"]
[EventDate "1989.04.08"]
[EventType "swiss"]
[EventRounds "4"]
[EventCountry "CAN"]

1. e4 c5 2. Nf3 d6 3. d4 cxd4 4. Nxd4 Nf6 5. Nc3 a6 6. Be2 g6 7. Be3 Bg7 8. f4 Qa5 9. Qd2 Nc6 10. Nb3 Qc7 11. h3 b5 12. a3 b4 13. axb4 Nxb4 14. Bf3 Bb7 15. O-O O-O 16. f5 Nc6 17. g4 Ne5 18. Bg2 Rad8 19. Bh6 d5 20. exd5 Nc4 21. Qc1 Nxd5 22. Nxd5 Rxd5 23. Bxd5 Qg3+ 0-1

[Event "Specialiste Printanier"]
[Site "Montreal CAN"]
[Date "1989.04.09"]
[Round "3"]
[White "Delisle, Claude"]
[Black "Morin, Louis"]
[Result "1-0"]
[WhiteElo "2024"]
[BlackElo "1980"]
[PlyCount "67"]
[GameId "2160767912519548"]
[EventDate "1989.04.08"]
[EventType "swiss"]
[EventRounds "4"]
[EventCountry "CAN"]
[SourceTitle "hb 2013"]

1. e4 e5 2. Nf3 d6 3. d4 Nf6 4. Bd3 Nbd7 5. c4 exd4 6. Nxd4 Nc5 7. Nc3 Nxd3+ 8. Qxd3 Be7 9. O-O O-O 10. f3 c6 11. Be3 d5 12. cxd5 cxd5 13. e5 Nd7 14. f4 Nc5 15. Qc2 f5 16. Rfd1 Ne4 17. Rac1 Bc5 18. Nce2 b6 19. b4 Bxd4 20. Nxd4 Qe8 21. Qc6 Qxc6 22. Rxc6 g6 23. Rc7 Re8 24. Rdc1 Ba6 25. b5 Bc8 26. Bf2 Nc5 27. Bh4 Be6 28. Be7 Nd3 29. R1c6 Bc8 30. Bf6 Be6 31. Nxe6 Rxe6 32. Rxe6 Nxf4 33. Ree7 Nh5 34. Rxh7 1-0

[Event "Specialiste Printanier"]
[Site "Montreal CAN"]
[Date "1989.04.09"]
[Round "4"]
[White "Comtois, Jacques"]
[Black "Charest, Johanne"]
[Result "1/2-1/2"]
[WhiteElo "1421"]
[BlackElo "1524"]
[PlyCount "88"]
[GameId "2160767912519549"]
[EventDate "1989.04.08"]
[EventType "swiss"]
[EventRounds "4"]
[EventCountry "CAN"]

1. e4 e5 2. Nf3 Nc6 3. Bb5 a6 4. Ba4 Nf6 5. O-O Be7 6. Re1 b5 7. Bb3 O-O 8. d4 exd4 9. Nxd4 Ne5 10. a4 b4 11. Bg5 d6 12. f4 Ng6 13. Nc6 Qd7 14. Nxb4 h6 15. Bxf6 Bxf6 16. f5 Ne5 17. Nd5 Bg5 18. Nd2 Qc6 19. Rc1 Qc5+ 20. Kh1 Bb7 21. g3 Bxd5 22. Bxd5 c6 23. Bb3 h5 24. Rb1 Ng4 25. Qe2 Rae8 26. h3 Nf2+ 27. Kg2 Bxd2 28. Qxd2 Nxe4 29. Qf4 d5 30. Rbd1 a5 31. h4 Re7 32. Re2 Rfe8 33. Rde1 Qb6 34. Qf3 Qb8 35. c4 dxc4 36. Bxc4 Nd2 37. Rxe7 Rxe7 38. Bxf7+ Rxf7 39. Qxc6 Qb3 40. Re8+ Rf8 41. Rxf8+ Kxf8 42. Qc8+ Ke7 43. Qc7+ Ke8 44. Qc8+ Ke7 1/2-1/2

[Event "Specialiste Printanier"]
[Site "Montreal CAN"]
[Date "1989.04.09"]
[Round "4"]
[White "Morin, Louis"]
[Black "Bergeron, Marc"]
[Result "1/2-1/2"]
[WhiteElo "1980"]
[BlackElo "1847"]
[PlyCount "58"]
[GameId "2160767912519550"]
[EventDate "1989.04.08"]
[EventType "swiss"]
[EventRounds "4"]
[EventCountry "CAN"]
[SourceTitle "hb 2013"]

1. e4 Nc6 2. d4 d5 3. exd5 Qxd5 4. Nc3 Qxd4 5. Qe2 Bg4 6. Nf3 Qd7 7. Bf4 O-O-O 8. Rd1 Qf5 9. Rxd8+ Kxd8 10. Qd2+ Qd7 11. Qe3 Bxf3 12. Qxf3 e5 13. Be3 f5 14. Bb5 Nf6 15. O-O e4 16. Qe2 Bd6 17. Rd1 a6 18. Ba4 h6 19. Bc5 b5 20. Bxb5 axb5 21. Nxb5 Bxc5 22. Rxd7+ Kxd7 23. Qc4 Be7 24. b4 Rd8 25. a3 Kc8 26. g3 Kb7 27. Nc3 Nd4 28. Kg2 Rd7 29. Ne2 Nxe2 1/2-1/2

[Event "Specialiste op"]
[Site "Montreal CAN"]
[Date "1989.01.21"]
[Round "1"]
[White "Plante, Pierre"]
[Black "Charest, Johanne"]
[Result "1/2-1/2"]
[WhiteElo "1620"]
[BlackElo "1458"]
[PlyCount "114"]
[GameId "2160767912519805"]
[EventDate "1989.01.21"]
[EventType "swiss"]
[EventRounds "4"]
[EventCountry "CAN"]

1. d4 d5 2. c4 c6 3. Nc3 Nf6 4. Nf3 Bf5 5. Nh4 Bg6 6. Nxg6 fxg6 7. Bf4 e6 8. a3 Be7 9. e3 O-O 10. cxd5 exd5 11. b3 Qc8 12. g3 Kh8 13. Bg2 b6 14. O-O Qf5 15. Re1 g5 16. Be5 Ng4 17. Re2 Nxe5 18. dxe5 Qxe5 19. Rc1 Nd7 20. Qc2 Bd6 21. Nb1 c5 22. Rd1 Nf6 23. Nc3 Rad8 24. Bxd5 Bc7 25. Red2 Rd6 26. Qd3 Rfd8 27. Qc4 a6 28. e4 b5 29. Qxc5 Nxe4 30. Nxe4 Bb6 31. Nxd6 Rxd6 32. Qc8+ Rd8 33. Qe6 Qc7 34. Bf3 Rf8 35. Kg2 Qc5 36. Re2 h5 37. Qg6 g4 38. Bxg4 Rxf2+ 39. Rxf2 Qxf2+ 40. Kh3 hxg4+ 41. Qxg4 Qf7 42. Rc1 Bc7 43. Qc8+ Kh7 44. Qxc7 Qh5+ 45. Kg2 Qe2+ 46. Kg1 Qe3+ 47. Kf1 Qf3+ 48. Ke1 Qe3+ 49. Kd1 Qd3+ 50. Ke1 Qe3+ 51. Kf1 Qf3+ 52. Kg1 Qe3+ 53. Kg2 Qe2+ 54. Kh1 Qf3+ 55. Kg1 Qe3+ 56. Kg2 Qe2+ 57. Kh3 Qh5+ 1/2-1/2

[Event "Specialiste op"]
[Site "Montreal CAN"]
[Date "1989.01.21"]
[Round "2"]
[White "Charest, Johanne"]
[Black "Reiner, Thomas"]
[Result "1-0"]
[WhiteElo "1458"]
[BlackElo "1640"]
[PlyCount "87"]
[GameId "2160767912519806"]
[EventDate "1989.01.21"]
[EventType "swiss"]
[EventRounds "4"]
[EventCountry "CAN"]

1. e4 c6 2. d4 d5 3. e5 Bf5 4. Nf3 e6 5. Bd3 Bxd3 6. Qxd3 Qb6 7. Nbd2 c5 8. c3 Nc6 9. O-O cxd4 10. cxd4 Nge7 11. Nb3 Nf5 12. Bd2 Be7 13. Kh1 h5 14. Rac1 a5 15. a3 a4 16. Nc5 Nfxd4 17. Nxd4 Bxc5 18. Nxc6 bxc6 19. Qc3 Bd4 20. Qg3 g6 21. Bc3 Rc8 22. Rb1 Bc5 23. Bd2 Be7 24. b3 axb3 25. Rxb3 Qd4 26. Bg5 h4 27. Qe3 Qxe3 28. Bxe3 Rh5 29. f4 c5 30. Rfb1 c4 31. Rb8 Kd7 32. R8b7+ Rc7 33. a4 Ba3 34. a5 Rxb7 35. Rxb7+ Kc6 36. Rb6+ Kc7 37. a6 Rh8 38. Rb7+ Kc6 39. Rb6+ Kc7 40. a7 Ra8 41. Rb5 Be7 42. Kg1 Bd8 43. Kf2 Kc6 44. Rb8 1-0